| 000 | 00441cam a2200181ua 4500 | ||
|---|---|---|---|
| 001 | 2562 | ||
| 008 | 110912n ii |||gr||||Z||||||asm | ||
| 040 | _cMAIN | ||
| 082 | _a410 | ||
| 100 |
_aGoswami, Upendranath., _eAuthor. |
||
| 245 | 1 | 1 |
_aBhasha vijanan _cby Upendranath Goswami |
| 250 | _a5th ed. | ||
| 260 |
_aGuwahati: _bMani-manik prakashan,986. |
||
| 300 | _a250p. | ||
| 653 | _aLinguistics | ||
| 653 | _aBhasha vijnan | ||
| 942 | _cBK | ||
| 999 |
_c2415 _d2415 |
||